Die drei !!! Hörspiele - Alle Folgentitel - Statistiken

Allgemein
  • Dieses Quiz wurde 122 mal gespielt
  • Das Durchschnittsergebnis liegt bei 52 aus 93
Antwortstatistiken
Nr Titel % Korrekt
1 Die Handy-Falle
92%
2 Betrug beim Casting
75%
5 Tatort Paris
73%
34 Brandgefährlich!
71%
50 Freundinnen in Gefahr!
71%
4 Gefahr im Fitness-Studio
71%
43 Nixensommer
71%
14 Spuk am See
71%
10 Tanz der Hexen
71%
6 Skandal auf Sendung
69%
18 VIP-Alarm
69%
31 Betrug in den Charts
67%
8 Vorsicht, Strandhaie!
67%
68 Gefahr im Netz
65%
47 Unter Verdacht
65%
3 Gefährlicher Chat
63%
53 Hochzeitsfieber
63%
9 Im Bann des Tarots
63%
51 Krimi-Dinner
63%
11 Kuss-Alarm!
63%
12 Popstar in Not
63%
21 Skandal auf der Rennbahn
63%
75 Tatort Hollywood
63%
28 Achtung, Promihochzeit!
61%
40 Achtung, Spionage!
61%
52 Das rote Phantom
61%
30 Falsches Spiel im Internat
61%
17 Gefährliche Fracht
61%
25 Herzklopfen!
61%
16 Total verknallt!
61%
35 Diebe in der Lagune
59%
15 Duell der Topmodels
59%
33 Küsse im Schnee
59%
32 Party des Grauens
59%
49 Skandal auf dem Laufsteg
59%
44 Skandal im Café Lomo!
59%
7 Skaterfieber
59%
39 Verliebte Weihnachten
59%
20 Beutejagd am Geistersee
57%
48 Die Maske der Königin
57%
24 Fußballstar in Gefahr
57%
13 Gefahr im Reitstall
57%
22 Jagd im Untergrund
57%
74 Rätsel der Vergangenheit
57%
62 Spuk am Himmel
57%
66 Tanz der Herzen
57%
45 Tatort Geisterhaus
57%
57 Tatort Kreuzfahrt
57%
19 Teuflisches Handy
57%
59 Das geheime Parfüm
55%
71 Gefahr in den Ruinen
55%
58 Gorilla in Not
55%
36 SOS per GPS
55%
26 Tatort Filmset
55%
27 Vampire in der Nacht
55%
79 Vier Pfoten in Gefahr
55%
76 #Falscher Ruhm
53%
41 Im Bann des Flamenco
53%
54 Klappe und Action!
53%
72 Kuss der Meerjungfrau
53%
23 Undercover im Netz
53%
46 Filmstar in Gefahr
51%
63 Flammen in der Nacht
51%
90 Mission Gipfelglück
51%
29 Panik im Freizeitpark
51%
38 Stylist in Gefahr
51%
61 Der Fall Dornröschen
49%
64 Der Graffiti-Code
49%
70 Gefährliches Spiel
49%
84 Luftballonküsse
49%
88 Die Krimi-Verschwörung
47%
91 Geburtstagsdiebe
47%
92 Geheimnis am Fluss
47%
42 Geheimnis der alten Villa
47%
65 Heuler in Not
47%
60 Liebes-Chaos!
47%
55 Wildpferd in Gefahr
47%
93 Abenteuer-Küsse
45%
80 Ein echt schöner Fall
45%
37 Mission Pferdeshow
45%
67 Tatort Geisterbahn
45%
83 Voller Einsatz für die Erde
45%
89 Der Fluch der Fee
43%
73 Legende der Einhörner
43%
69 Nacht der Wölfe
43%
77 Achtung, Gaunerzeichen!
41%
78 Das Bienengeheimnis
41%
85 Ein Fall mit Herz und Huf
41%
56 Geheimnis im Düstermoor
41%
82 Das Konfetti-Komplott
39%
87 Geheimnisvoller Liebestrank
37%
81 Geheimnis im Spukhotel
31%
86 Rätselhafter Raub
18%
Keine übereinstimmenden Quizze gefunden
Verteilung der Resultate
Anzahl Personen mit jedem Resultat
Perzentil nach korrekt beantworteten Fragen
Ihre Resultats-Entwicklung
Sie haben dieses Quiz noch nicht gespielt